000 00524nam a22001817a 4500
999 _c190612
_d190612
005 20220729163448.0
010 _aENG-134102
020 _c150.00
_a9789387102972
035 _aEN-117634
037 _bDBAD/PUB
082 _a808.88
100 _aRathi,V.P
245 _aBlessing Peacocks/
_cby V.P.Rathi
260 _aTamil Nadu
_bShanlax Publications
_c2018
270 _bTamil Nadu
_a61,66 T.P.K.Main Road Vasantha Nagar Madurai,
_e625003
300 _a43p.
_c22cm(pbk)
942 _2ddc
_cEN
_h881
_mRAT